Security metrics : (Record no. 71007)

MARC details
000 -LEADER
fixed length control field 01158nam a22003017a 4500
005 - DATE AND TIME OF LATEST TRANSACTION
control field 20121019114632.0
008 - FIXED-LENGTH DATA ELEMENTS--GENERAL INFORMATION
fixed length control field 121019t xxu||||| |||| 00| 0 eng d
010 ## - LCCN (DPL NO)
LC control number ENG-106109
020 ## - INTERNATIONAL STANDARD BOOK NUMBER
International Standard Book Number 9781259027468
Terms of availability 495.00
020 ## - INTERNATIONAL STANDARD BOOK NUMBER
International Standard Book Number 1259027465
Terms of availability 495.00
035 ## - SYSTEM CONTROL NUMBER
System control number EN-89642
037 ## - SOURCE OF ACQUISITION
Source of stock number/acquisition DBAD/PUB
040 ## - CATALOGING SOURCE
Original cataloging agency DPL
Language of cataloging Eng
082 00 - DEWEY DECIMAL CLASSIFICATION NUMBER
Classification number 005.8
Edition number 23
100 1# - MAIN ENTRY--PERSONAL NAME
Personal name Wong, Caroline
9 (RLIN) 53260
245 10 - TITLE STATEMENT
Title Security metrics :
Remainder of title a beginner's guide /
Statement of responsibility, etc by Caroline Wong
260 ## - PUBLICATION, DISTRIBUTION, ETC. (IMPRINT)
Place of publication, distribution, etc New Delhi
Name of publisher, distributor, etc Tata McGraw-Hill
Date of publication, distribution, etc 2012
270 ## - ADDRESS
Address 7 West Patel Nagar
City New Delhi
Postal code 110008
300 ## - PHYSICAL DESCRIPTION
Extent xxxii, 397p. :
Other physical details ill.
Dimensions 24cm(pbk)
500 ## - GENERAL NOTE
General note Includes index.
650 #0 - SUBJECT ADDED ENTRY--TOPICAL TERM
Topical term or geographic name as entry element Data protection
General subdivision Standards.
9 (RLIN) 53261
650 #0 - SUBJECT ADDED ENTRY--TOPICAL TERM
Topical term or geographic name as entry element Microcomputers
General subdivision Access control.
9 (RLIN) 53262
650 #0 - SUBJECT ADDED ENTRY--TOPICAL TERM
Topical term or geographic name as entry element Computer security
General subdivision Evaluation.
9 (RLIN) 53263
650 #0 - SUBJECT ADDED ENTRY--TOPICAL TERM
Topical term or geographic name as entry element Computer crimes
General subdivision Prevention.
9 (RLIN) 53264
942 ## - ADDED ENTRY ELEMENTS (KOHA)
Source of classification or shelving scheme Dewey Decimal Classification
Item type English Books
Classification part 005.8
Call number suffix WON
Holdings
Withdrawn status Lost status Source of classification or shelving scheme Damaged status Not for loan Collection code Home library Current library Date acquired Source of acquisition Cost, normal purchase price Total Checkouts Full call number Barcode Date last seen Copy number Cost, replacement price Koha item type
    Dewey Decimal Classification   Not For Loan Non-fiction D.B.Act.Division D.B.Act.Division 19/10/2012 DBAD/PUB 495.00   005.8 WON EN-89642 19/10/2012 1 495.00 English Books

© Delhi Public Library
Hit Counter
free hit counter